000 01283nam0a22003131 4500
001 v19\rc\1646586
005 20250619001753.0
035 _a(NLR Aleph) 004758791
090 _a4572787
_c4572787
100 _a20061002e18871887|||y0rusy50 ca
101 1 _arus
_cger
102 _aRU
105 _aa z |||||
200 1 _aГипнотизм и его клиническое судебно-медицинское значение
_e(Из сб. лекций: "Klinische Zeit- und Streitfragen", изд. проф. д-ром Scnitzler'ом в Вене)
_f[Соч.] Проф. д-ра Heinrich'а Obersteiner'а
210 _aСанкт-Петербург
_cК. Риккер
_d1887
215 _a[2], 52 с.
_cил.
_d22
488 0 _12001#$aKlinische Zeit- und Streitfragen$eСб. лекций$fИзд. проф. д-ром Schnitzler'ом в Вене
_1702#1$aSchnitzler$4650
_tKlinische Zeit- und Streitfragen
700 1 _aОберштейнер
_bГ.
_f1847-1922
_gГенрих
702 1 _aШницлер
_4650
801 0 _aRU
_bNLR
_gpsbo
801 0 _aRU
_bRuMoRGB
_2psbo
801 1 _aRU
_bProSoft-M
_2rusmarc
852 _aNLR
_j38.73.6.28
852 _aNLR
_j36.82.7.29
899 _aRuMoRGB
_jM 14/186
899 _aRuMoRGB
_jO 9/168
899 _aБАН
942 _cBOOK
980 _aNB